| 000 | 00594nam a2200205Ia 4500 | ||
|---|---|---|---|
| 005 | 20260429111849.0 | ||
| 008 | 260429s9999||||xx |||||||||||||| ||und|| | ||
| 020 | _a9789358997835 | ||
| 041 | _aEnglish | ||
| 082 |
_a631.52 _bSAM |
||
| 100 | _aSamyuktha, S.M. | ||
| 245 | 0 |
_aTechniques in plant breeding : _bfrom classical methods to genomic innovations / _cS.M. Samyuktha |
|
| 250 | _a1st ed. | ||
| 260 |
_aNew Delhi : _bElite Publishing House, _c2024. |
||
| 300 | _ax, 187 p.; hb | ||
| 650 | _a Plant breeding | ||
| 650 | _a Plant cultivation | ||
| 650 | _aAgriculture | ||
| 942 | _cTB | ||
| 999 |
_c51191 _d51191 |
||